书目信息 |
| 题名: |
小麦染色体工程
|
|
| 作者: | 张延明 , 曲敏 , 李集临 编著 | |
| 分册: | ||
| 出版信息: | 北京 科学出版社 2011.4 |
|
| 页数: | 214页, [2] 页图版 | |
| 开本: | 26cm | |
| 丛书名: | ||
| 单 册: | ||
| 中图分类: | S512.103.2 | |
| 科图分类: | ||
| 主题词: | 小麦--xiao mai--遗传育种--研究 | |
| 电子资源: | ||
| ISBN: | 978-7-03-030688-3 | |
| 000 | 01224nam0 2200277 45 | |
| 001 | 1355421561 | |
| 005 | 20130513145933.65 | |
| 010 | @a978-7-03-030688-3@dCNY48.00 | |
| 100 | @a20130108d2011 em y0chiy0110 ea | |
| 101 | 0 | @achi |
| 102 | @aCN@b110000 | |
| 105 | @aafk a 000yy | |
| 106 | @ar | |
| 200 | 1 | @a小麦染色体工程@AXiao Mai Ran Se Ti Gong Cheng@dWheat chromosome engineering@f李集临,曲敏,张延明编著@FLi Ji Lin, Qu Min, Zhang Yan Ming Bian Zhu@zeng |
| 210 | @a北京@c科学出版社@d2011.4 | |
| 215 | @a214页, [2] 页图版@c图 (部分彩图)@d26cm | |
| 320 | @a有书目 | |
| 330 | @a本书以小麦的染色体工程与分子标记育种为主要内容,目的是为小麦育种提供一些现代染色体工程和分子标记方面的理论与应用基础。全书共分5章,第一章是小麦的分类,第二章是小麦的远缘杂交,第三章是小麦的染色体工程,第四章是小麦的细胞质工程,第五章是小麦分子标记与育种,主要介绍一些分子标记基础理论知识与方法和小麦转基因研究的进展。 | |
| 510 | 1 | @aWheat chromosome engineering@zeng |
| 606 | 0 | @a小麦@Axiao mai@x遗传育种@x研究 |
| 690 | @aS512.103.2@v5 | |
| 701 | 0 | @a张延明@AZhang Yan Ming@4编著 |
| 701 | 0 | @a曲敏@AQu Min@4编著 |
| 701 | 0 | @a李集临@ALi Ji Lin@4编著 |
| 801 | @aCN@bTANGWEI@c20130111 | |
| 905 | @b0831222-24@dS512.103.2@e47@f3 | |
| 小麦染色体工程=Wheat chromosome engineering/李集临,曲敏,张延明编著.-北京:科学出版社,2011.4 |
| 214页, [2] 页图版:图 (部分彩图);26cm |
| ISBN 978-7-03-030688-3:CNY48.00 |
| 本书以小麦的染色体工程与分子标记育种为主要内容,目的是为小麦育种提供一些现代染色体工程和分子标记方面的理论与应用基础。全书共分5章,第一章是小麦的分类,第二章是小麦的远缘杂交,第三章是小麦的染色体工程,第四章是小麦的细胞质工程,第五章是小麦分子标记与育种,主要介绍一些分子标记基础理论知识与方法和小麦转基因研究的进展。 |
| ● |
| 相关链接 |
|
|
|
|
正题名:小麦染色体工程
索取号:S512.103.2/47
 
预约/预借
| 序号 | 登录号 | 条形码 | 馆藏地/架位号 | 状态 | 备注 |
| 1 | 0831222 | 208312226 | 第二样本阅览室/ [索取号:S512.103.2/47] | 在馆 | |
| 2 | 0831223 | 208312235 | 第三借阅区/ [索取号:S512.103.2/47] | 在馆 | |
| 3 | 0831224 | 208312244 | 第三借阅区/ [索取号:S512.103.2/47] | 在馆 |